Statistics for Топ 40 самых населённых городов Казахстана

Click here to take the quiz!

General Stats

  • This quiz has been taken 227 times
  • The average score is 16 of 40

Answer Stats

Население за 2023МестоГородСтатус% Correct
1 383 291№2АстанаГород республ. значения
98%
2 191 314№1АлматаГород республ. значения
96%
1 205 889№3ШымкентГород республ. значения
82%
334 771№8ПавлодарОбластной центр
77%
517 979№5КарагандаОбластной центр
77%
268 557№12АктауОбластной центр
75%
564 729№4АктобеОбластной центр
74%
319 687№9АтырауОбластной центр
73%
309 564№10СемейОбластной центр
69%
429 398№6ТаразОбластной центр
65%
354 022№7Усть-КаменогорскОбластной центр
60%
255 405№14УральскОбластной центр
60%
280 389№11КызылордаОбластной центр
58%
266 086№13КостанайОбластной центр
57%
223 214№15ТуркестанОбластной центр
55%
222 589№16ПетропавловскОбластной центр
54%
169 105№19ТалдыкорганОбластной центр
53%
175 798№17КокчетавОбластной центр
50%
89 341№22ЖезказганОбластной центр
41%
171 863№18ТемиртауГород областного значения
31%
128 937№20ЭкибастузГород областного значения
31%
55 721№31КонаевОбластной центр
31%
73 607№26БалхашГород областного значения
26%
111 785№21РудныйГород областного значения
25%
74 977№24ЖанаозенГород областного значения
25%
45 266№40РиддерГород районного значения
21%
45 514№38ШуГород областного значения
18%
47 580№37ЩучинскГород районного значения
17%
51 716№35АксуГород областного значения
15%
74 744№25КентауГород областного значения
13%
65 204№29ТалгарГород районного значения
13%
52 868№33ЖаркентГород районного значения
13%
49 493№36СтепногорскГород областного значения
13%
83 166№23КаскеленГород районного значения
10%
68 656№27СатпаевГород областного значения
9%
62 096№30СарыагашГород районного значения
9%
66 366№28КульсарыГород районного значения
7%
53 060№32КосшыГород областного значения
7%
52 217№34АрысГород областного значения
4%
45 275№39ЖетысайГород районного значения
4%

Score Distribution

Percentile by Number Answered

Percent of People with Each Score

Your Score History

You have not taken this quiz